000 00563nam a2200193Ia 4500
005 20260415160336.0
008 008 250505s9999 xx 000 0 eng d
037 _aTextual
040 _aFEDL
_beng
_cFEDL
041 _aeng
_2eng
084 _a155.4 BRY
_qFEDL
100 _aBryce Winifred L.
_9755772
245 0 _aChild in the midst : A parent education book
260 _aCalcutta, India
_bYMCA Publishing House
300 _a136p.
650 _aChild Psychology
942 _cTEXL
_h155.4 BRY
999 _c1321892
_d1321892